000 00889nam a2200253Ia 4500
003 OSt
005 20220923222243.0
006 a|||||r|||| 00| 0
007 ta
008 220922b |||||||| |||| 00| 0 mar d
024 _a204,028
037 _cTextual
040 _aARTS
_cARTS
_bmar
041 _2mar
_amar
082 _aO155,3N28x, 152N1
100 _aतेंडुलकर, विजय; जगताप, मुरलीधर, अनु.
_9160154
245 0 _aकच्ची धूप
246 _aKachchī dhūpa
260 _aनई दिल्ली
_b विद्या प्रका0
_c1991
300 _a132पृ0
_ccm.
650 _aमराठी साहित्य
942 _hO155,3N28x, 152N1
_cTEXL
_2CC
999 _c354778
_d354778